Avatar Discography - Statistics

General Stats
  • This quiz has been taken 3 times
  • The average score is 34 of 91
Answer Stats
Hint Answer % Correct
Bloody Angel
100%
Hail the Apocalypse Hail the Apocalypse
100%
Let It Burn
100%
Black Waltz
67%
Murderer
67%
Puppet Show
67%
Smells Like a Freakshow
67%
Torn Apart
67%
4 Am Breakdown
33%
All Hail the Queen
33%
All Which is Black
33%
And I Bid You Farewell
33%
A Secret Door
33%
As It Is
33%
Black Waters
33%
Blod
33%
Thoughts of No Tomorrow Bound to the Wall
33%
Child
33%
Colossus
33%
Death of Sound
33%
Deeper Down
33%
Feathers & Flesh Bonus Track DET AR ALLDELES FORSENT
33%
Die With Me
33%
The Black Waltz (Deluxe) Dying to See You Dead
33%
Fiddler's Farewell
33%
For the Swarm
33%
Get In Line
33%
Avatar Country Glory to Our King
33%
God of Sick Dreams
33%
Gun
33%
House of Eternal Hunt
33%
I Still Hate You
33%
I've Got Something in My Front Pocket for You
33%
Justice
33%
King After King
33%
King's Harvest
33%
Last One Standing
33%
Legend of the King
33%
Letters from Neverend
33%
The Black Waltz Let Us Die
33%
Lullaby (Death All Over)
33%
My Lie
33%
My Shining Star
33%
Napalm
33%
New Land
33%
Night Never Ending
33%
One More Hill
33%
One/One/One/Three
33%
One Touch
33%
Out of Our Minds
33%
Paint Me Red
33%
Pigfucker
33%
Pray the Sun Away
33%
Avatar Queen of Blades
33%
Raven Wine
33%
Ready For the Ride
33%
Feathers & Flesh Regret
33%
Reload
33%
Revolution of Two
33%
Roadkill
33%
Sane?
33%
Schlacht Schlacht
33%
Scream Until You Wake
33%
Shattered Wings
33%
Hunter Gatherer Silence in the Age of Apes
33%
Silent Songs of the King: Part 1
33%
Silent Songs of the King: Part 2
33%
Sky Burial
33%
Slave Hive Meltdown
33%
Something in the Way
33%
Stranger
33%
The Eagle Has Landed
33%
The End of Our Ride
33%
The Great Pretender
33%
The King Speaks
33%
The King Wants You
33%
The King Welcomes You to Avatar Country
33%
The Skinner
33%
The Willy
33%
Tooth, Beak and Claw
33%
Tower
33%
Tsar Bomba
33%
Use Your Tongue
33%
Vultures Fly
33%
War Song
33%
What I Don't Know
33%
When All But Force Has Failed
33%
When the Snow Lies Red
33%
When Your Darkest Hour Comes
33%
Wild Flower
33%
Wormhole
33%
No matching quizzes found
Score Distribution
Percent of People with Each Score
Percentile by Number Answered
Your Score History
You have not taken this quiz